00826nam a2200205 i 4500001000700000003000900007005001700016008004100033080001600074100003100090245008700121260005800208300002200266490006200288504003200350650004200382710004600424830006000470852009000530187823ES-MaACL20250804072252.0180309s1973 sp |||| | spa d a336(46)"18"1 aFontana, Josep,d1931-201810aHacienda y Estado en la crisis final del Antiguo Régimen españolb: 1823-1833. a[Madrid] : bInstituto de Estudios Fiscales, c[1973] a360 p. ; c19 cm.1 aLibros de bolsillo. Instituto de Estudios Fiscales ; v24 aBibliografía: p. 343-360.00aHacienda pública-zEspaña-yS.XIX2 aInstituto de Estudios Fiscales (España)10aLibros de bolsillo (Instituto de Estudios Fiscales)v24 aES-MaACLjL-31886 z- Donat. herederos de la bibl. de Mª del Pilar Costa Palacín